00491cam a2200157ua 4500001000400000008003900004040000900043082001200052245008400064250000900148260004300157300001700200653002300217653005600240700003700296616110409n ii |||gr||||Z||||||eng cMAIN a320.011 aRajnaitik tatta aru rajniti bigyanar mul dharanahomuh.cBy Apurba Kumar Boruah. a1st. aGowahati.:bPurbanchal prakashan.,989. a252 p.:2 cm. aPolitical science. aRajnaitik tatta aru rajniti bigyanor dharana homuh. aBoruah, Apurba Kumar.,eauthor.,